| 000 | 00615nam a22001817a 4500 | ||
|---|---|---|---|
| 005 | 20251108173702.0 | ||
| 008 | 250721s2007 xx 000 0 ara d | ||
| 020 | _a9774410122 | ||
| 082 | 1 | 4 | _a956.0668/صلا |
| 100 | 1 | _aالصلابي، علي محمد محمد | |
| 245 | 1 | 0 | _aالسلطان الشهيد : عماد الدين زنكي شخصيته و عصره / |
| 264 | 1 |
_aالقاهرة : _bمؤسسة إقرأ للنشر و التوزيع، _c2007. |
|
| 300 | _a167 ص. | ||
| 650 | 1 | 7 | _aالتاريخ الإسلامي |
| 650 | 1 | 7 | _aالزنكيون 1250 - 1127 |
| 942 |
_2ddc _cBK |
||
| 999 |
_c109947 _d109947 |
||